| 000 | 01238nam a2200241 i 4500 | ||
|---|---|---|---|
| 001 | 159094 | ||
| 003 | ES-MaACL | ||
| 005 | 20250727063147.0 | ||
| 008 | 931025s1795 sp |||| | spa d | ||
| 040 |
_aCARM _bspa _cPAB |
||
| 100 | 1 |
_aMasdéu, Juan Francisco, _d1744-1817 _9129694 |
|
| 245 | 1 | 0 |
_aHistoria critica de España, y de la cultura española / _cobra compuesta en las dos lenguas italiana y castellana por D. Juan Francisco de Masdeu ... ; tomo XV, España arabe, continuación del Libro III, ilustraciones chronológicas, históricas y críticas. |
| 260 |
_aEn Madrid : _ben la imprenta de Sancha, se hallará en su Librería en la Aduana vieja, _c1795. |
||
| 300 |
_a[4], 495, [1] p., [3] h. pleg. ; _c21 cm. |
||
| 500 | _aEn el tomo I, p. 12 consta que es traducción del italiano. | ||
| 597 | _aSign.: [ ]2, A-Z4, 2A-2Z4, 3A-3Q4. | ||
| 597 | _aAntep. | ||
| 599 | _aLas h. pleg. son tablas cronológicas, correspondencia de reyes cristianos y musulmanes, Condes de Barcelona y reyes musulmanes, entre p.330 y 331. | ||
| 651 | 4 |
_aEspaña- _xHistoria- _y0711-1492, Reconquista. _98217 |
|
| 852 |
_aES-MaACL _jR-270-89 _z-- Enc. pasta _x Olim: C-44-63 |
||
| 999 |
_c159094 _d159094 |
||